Joint ventures in the people's republic of China : Can capitalism and communism coexist (Record no. 1318938)

MARC details
000 -LEADER
fixed length control field 00604nam a2200193Ia 4500
005 - DATE AND TIME OF LATEST TRANSACTION
control field 20250507130319.0
008 - FIXED-LENGTH DATA ELEMENTS--GENERAL INFORMATION
fixed length control field 008 250505s9999 xx 000 0 eng d
037 ## - SOURCE OF ACQUISITION
Stock number Annuals, Advances
040 ## - CATALOGING SOURCE
Original cataloging agency EASL
Language of cataloging eng
Transcribing agency EASL
041 ## - LANGUAGE CODE
Language code of text/sound track or separate title eng
Source of code eng
084 ## - COLON CLASSIFICATION NUMBER
Classification number X.41.N90, N0
Assigning agency EASL
100 ## - MAIN ENTRY--PERSONAL NAME
Personal name Ho Alfred K.
9 (RLIN) 281032
245 #0 - TITLE STATEMENT
Title Joint ventures in the people's republic of China : Can capitalism and communism coexist
260 ## - PUBLICATION, DISTRIBUTION, ETC.
Place of publication, distribution, etc. UK
Name of publisher, distributor, etc. London Westport connecticut
Date of publication, distribution, etc. 1990
300 ## - PHYSICAL DESCRIPTION
Extent 170p.
365 ## - TRADE PRICE
Price amount 2124.63
942 ## - ADDED ENTRY ELEMENTS (KOHA)
Koha item type Textual
Classification part X.41.N90, N0

No items available.

Copyright @ Delhi University Library System